|
|
|
|
| LEADER |
01420nam a2200325 i 4500 |
| 001 |
29802 |
| 003 |
BD-DhAAL |
| 005 |
20150909020004.0 |
| 008 |
150827t20142014maua b 001 0 eng |
| 010 |
|
|
|a 2013037362
|
| 020 |
|
|
|a 9780262027069 (hardcover : alk. paper)
|
| 020 |
|
|
|a 0262027062 (hardcover : alk. paper)
|
| 040 |
|
|
|a DLC
|b eng
|c DLC
|e rda
|d DLC
|d BD-DhAAL
|
| 042 |
|
|
|a pcc
|
| 050 |
0 |
0 |
|a RJ496.L35
|b L46 2014
|
| 082 |
0 |
0 |
|a 618.92855
|2 23
|
| 100 |
1 |
|
|a Leonard, Laurence B.
|9 14254
|
| 245 |
1 |
0 |
|a Children with specific language impairment /
|c Laurence B. Leonard.
|
| 250 |
|
|
|a Second edition.
|
| 260 |
|
|
|a Cambridge, Massachusetts :
|b The MIT Press,
|c c2014.
|
| 300 |
|
|
|a ix, 480 pages :
|b illustrations ;
|c 24 cm.
|
| 490 |
0 |
|
|a Language, speech, and communication
|
| 500 |
|
|
|a "A Bradford book".
|
| 504 |
|
|
|a Includes bibliographical references (pages 383-460) and indexes.
|
| 541 |
|
|
|e 29802
|
| 650 |
|
0 |
|a Specific language impairment in children.
|9 14255
|
| 942 |
|
|
|2 ddc
|c BK
|0 1
|
| 999 |
|
|
|c 35382
|d 35382
|
| 952 |
|
|
|0 0
|1 0
|2 ddc
|4 0
|6 618_928550000000000_LEO
|7 0
|9 55634
|a BRACUL
|b BRACUL
|c GEN
|d 2015-08-27
|e Karim International
|g 4680.00
|l 4
|m 30
|o 618.92855 LEO
|p 3010029802
|r 2019-04-11
|s 2018-07-23
|t 1
|w 2015-08-27
|y BK
|
| 952 |
|
|
|0 0
|1 0
|2 ddc
|4 0
|6 618_928550000000000_LEO
|7 0
|9 55635
|a BRACUL
|b BRACUL
|c GEN
|d 2015-08-27
|e Karim International
|g 4680.00
|l 1
|m 1
|o 618.92855 LEO
|p 3010029803
|r 2024-04-16
|s 2023-09-11
|t 2
|w 2015-08-27
|y BK
|